Studies in abstract families of languages
Αποθηκεύτηκε σε:
| Κύριος συγγραφέας: | |
|---|---|
| Μορφή: | Βιβλίο |
| Γλώσσα: | English |
| Δημοσίευση: |
Providence, R.I. :
American Mathematical Society,
1969
|
| Σειρά: | Memoirs of the American Mathematical Society ;
; 87 |
| Θέματα: | |
| Ετικέτες: |
Προσθήκη ετικέτας
Δεν υπάρχουν, Καταχωρήστε ετικέτα πρώτοι!
|
MARC
| LEADER | 00000nam a2200000 i 4500 | ||
|---|---|---|---|
| 001 | 1/45665 | ||
| 008 | 941103s1969 eng d | ||
| 020 | |a 0-8218-1287-4 | ||
| 035 | |a 1993 |l 10042599 | ||
| 040 | |a GR-MY-UA |b gre |e aacr | ||
| 041 | 0 | |a eng | |
| 082 | 0 | |a 004 | |
| 100 | 1 | |a Ginsburg, Seymour |d 1927- | |
| 245 | 1 | 0 | |a Studies in abstract families of languages / |c by Seymour Ginsburg, Sheila Greibach and John Hopcroft |
| 260 | |a Providence, R.I. : |b American Mathematical Society, |c 1969 | ||
| 300 | |a iii, 51 p.; |c 26 cm. | ||
| 490 | 1 | |a Memoirs of the American Mathematical Society |v ; 87 | |
| 500 | |a Includes bibliographies | ||
| 650 | 0 | 0 | |a Machine theory. |
| 650 | 0 | 0 | |a Programming (Computers) |
| 830 | 0 | |a Memoirs of the American Mathematical Society ; |v ; 87 | |
| 852 | |a INST |b SAMOS |e 19941103 |h 004 GIN |p 005300002667 |q 005300002667 |t BK |y 0 | ||
| 909 | |a Σ |b 030553 | ||